000 00508nam a2200193Ia 4500
008 240510s9999 xx 000 0 und d
020 _a0008185386854
041 _aEng
082 _a510
082 _bH14
100 _aHall, H.S & Knight S.R
245 0 _aElementary Algebra for School : Metric Edition
260 _bIndia : A.I.P.B.S Publishers
260 _c2002
300 _a550 p.
650 _aElementary Algebra : Logic Programming : Computer Mathematics
942 _2ddc
942 _cRBK
999 _c27327
_d27327
945 _a1
_bMadushi Gamage
_c1
_dMadushi Gamage